000 00989nam a22002177a 4500
999 _c2572
_d2572
003 AR-CdUCM
008 190304b ||||| |||| 00| 0 spa d
040 _aMUNICIPALIDAD PROVINCIAL DEL CUSCO
_cBIBLIOTECA MUNICIPAL DEL CUSCO
082 _a324.2 /
_bT5
110 _aInstituto de Estudios Marxista-Leninistas
_99093
245 _aHistoria del Partido del Trabajo en Albania /
260 _aTirana :
_bNaim Frashëri,
_c1971.
300 _a724 paginas ;
_c20 cm.
505 _aLa lucha por la fundación del partido comunista de Albania -- El partido comunista de Albania organizador y guía de la lucha por la liberación nacional y por la instauración del poder popular --La lucha del partido del trabajo de Albania para concluir la constitución de la base económica del socialismo ...
650 _aPartido del Trabajo de Albania
_99094
650 _aFundación
_99095
650 _aHistoria
_9136
650 _aMovimiento comunista
_99096
942 _2ddc
_cLIBROS
945 _aacv